Queer theory and social change
Αποθηκεύτηκε σε:
| Κύριος συγγραφέας: | |
|---|---|
| Μορφή: | Βιβλίο |
| Γλώσσα: | English |
| Δημοσίευση: |
London; New York :
Routledge,
[c2000]
|
| Θέματα: | |
| Ετικέτες: |
Προσθήκη ετικέτας
Δεν υπάρχουν, Καταχωρήστε ετικέτα πρώτοι!
|
MARC
| LEADER | 00000nam a2200000 i 4500 | ||
|---|---|---|---|
| 001 | 1/33832 | ||
| 008 | 060828s2000 eng d | ||
| 020 | |a 0-415-22185-4 (pbk.) | ||
| 035 | |l 10085055 | ||
| 040 | |a GR-MY-UA |b gre |e aacr | ||
| 041 | 0 | |a eng | |
| 082 | 0 | |a 306.766 |2 (22) | |
| 100 | 1 | |a Kirsch, Max H. |d 1953- | |
| 245 | 1 | 0 | |a Queer theory and social change / |c Max H. Kirsch |
| 260 | |a London; New York : |b Routledge, |c [c2000] | ||
| 300 | |a x, 157 σ.; |c 24 εκ. | ||
| 504 | |a Βιβλιογραφία: σ. [139]-151. Ευρετήριο | ||
| 650 | 0 | 0 | |a Homosexuality |x Philosophy. |
| 650 | 0 | 0 | |a Lesbianism |x Philosophy. |
| 650 | 0 | 0 | |a Social change. |
| 650 | 0 | 0 | |a Gay men |x Social conditions. |
| 650 | 0 | 0 | |a Lesbians |x Social conditions. |
| 650 | 0 | 0 | |a Gay and lesbian studies. |
| 650 | 0 | 0 | |a Queer theory. |
| 852 | |a INST |b RHODES |e 20060828 |h 306.766 KIR |p 005400024242 |q 005400024242 |t BK |y 0 | ||
| 909 | |a Ρ |b 129046 | ||
| 920 | |a ΑΝΑΜΟΡΦΩΣΗ |b ΕΠΕΑΕΚ ΙΙ-ΤΕΠΑΕΣ |y ΡΟΔΟΣ |z 2006-07 | ||
| 970 | |a ΚΟΖΑ |b ΜΑΡΙΑ |z 2006/08/28 | ||